Tout sur les orques - Statistiques

Statistiques générales
  • Ce quiz a été pris 18 fois
    13 depuis la dernière actualisation
  • Le résultat moyen est 7 sur 14
Statistiques - réponses
Questions Réponses % Correct
Dit-on UN ou UNE orque ? Une
100%
À l'état sauvage, l'aileron de l'orque s'affaisse souvent naturellement. Vrai ou Faux ? Faux
85%
Les orques migrent. Vrai ou Faux ? Vrai
85%
Quel est le régime alimentaire des orques ? Carnivore
69%
À la naissance, quelle est la taille du petit ? 2 à 2,5 mètres
54%
Combien de temps en moyenne une orque peut-elle rester en apnée ? 10 minutes
46%
Quelle est la période de gestation d'une orque ? 15 à 18 mois
46%
Comment les anglophones surnomment-ils les orques ? Killer Whale
46%
Quelle est la longévité maximale d'une orque à l'état sauvage ? 90 ans
38%
Quel est l'autre nom donné à l'orque ? L'épaulard
38%
Comment appelle-t-on un groupe d'orques ? Un pod
38%
À quelle famille appartient l'orque ? Delphinidés
31%
Quelle technique permet à l'orque de repérer ses proies ? L'écholocalisation
31%
Dans le Seigneur des anneaux, comment appelle-t-on les orcs faits pour le combat ? Uruk-hai
23%
Aucun quiz correspondant
Distribution des résultats
% des personnes avec chaque résultat
Percentile par nombre de réponses
Votre historique - résultats
Vous n’avez pas pris ce quiz depuis la dernière actualisation